Religious categories and the construction of the indigenous / (Registro nro. 27064)

Detalles MARC
000 -LEADER
campo de control de longitud fija 02297cam a22004814i 4500
003 - IDENTIFICADOR DE NÚMERO DE CONTROL
campo de control PE-LiUPU
005 - FECHA Y HORA DE LA ÚLTIMA TRANSACCIÓN
campo de control 20250731173052.0
008 - DATOS DE LONGITUD FIJA--INFORMACIÓN GENERAL
campo de control de longitud fija 180307s2016 ne 0 r0 001 0 eng d
020 ## - NÚMERO INTERNACIONAL ESTÁNDAR DEL LIBRO
Número Internacional Estándar del Libro 9789004324411
035 ## - NÚMERO DE CONTROL DEL SISTEMA
Número de control de sistema (Sirsi) a241426
040 ## - FUENTE DE CATALOGACIÓN
Centro catalogador/agencia de origen PE-LiUPU
Lengua de catalogación spa
Centro/agencia transcriptor PE-LiUPU
Normas de descripción rda
049 ## - FONDOS LOCALES (OCLC)
Biblioteca depositaria PRUA
082 04 - NÚMERO DE LA CLASIFICACIÓN DECIMAL DEWEY
Número de clasificación 200.897
Cutter R3
Número de edición 23
245 00 - MENCIÓN DEL TÍTULO
Título Religious categories and the construction of the indigenous /
Mención de responsabilidad, etc. edited by Christopher Hartney.
264 #1 - PRODUCCIÓN, PUBLICACIÓN, DISTRIBUCIÓN, FABRICACIÓN Y COPYRIGHT
Producción, publicación, distribución, fabricación y copyright Boston :
Nombre del de productor, editor, distribuidor, fabricante Brill,
Fecha de producción, publicación, distribución, fabricación o copyright 2016.
300 ## - DESCRIPCIÓN FÍSICA
Extensión 232 páginas ;
Dimensiones 25 centímetros.
336 ## - TIPO DE CONTENIDO
Término de tipo de contenido text
Fuente rdacontent
337 ## - TIPO DE MEDIO
Nombre/término del tipo de medio unmediated
Fuente rdamedia
338 ## - TIPO DE SOPORTE
Nombre/término del tipo de soporte volume
Fuente rdacarrier
490 1# - MENCIÓN DE SERIE
Mención de serie Supplements to method & theory in the study of religion,
Designación de volumen o secuencia v7
504 ## - NOTA DE BIBLIOGRAFÍA, ETC.
Nota de bibliografía, etc. Indice : páginas 229-232.
505 0# - NOTA DE CONTENIDO CON FORMATO
Nota de contenido con formato Indigenous Religion: Its Validity and Problematics -- Reflections on Indigeneity and Religion -- Kinship and Location: In Defence of a Narrow Definition of Indigenous Religions -- Against 'Indigenous Religions': A Problematic Category that Reinforces the World Religions Paradigm -- Performing Indigeneity and Performing Guesthood -- You Can't Escape Your Origins: Exegeting the Jukurrpa in Warlpiri Christianity and the Struggle Over Indigeneity -- The Sufism of Iran: Regional Indigeneity and Islamic Mysticism; -- Scales, Translations, and Siding Effects: Uses of indígena and religión in Talamanca and Beyond -- The Long Road Home: Indigenous Assyrian Christians of Iraq and the Politicisation of the Diaspora -- 10 Indigenous or Non-Indigenous: Who Benefits from Narrow Definitions of Religion?.
526 ## - NOTA DE INFORMACIÓN SOBRE EL PROGRAMA DE ESTUDIO
Nombre del programa Segunda Especialidad En Profecías Bíblicas
526 ## - NOTA DE INFORMACIÓN SOBRE EL PROGRAMA DE ESTUDIO
Nombre del programa Segunda Especialidad En Nuevo Testamento
526 ## - NOTA DE INFORMACIÓN SOBRE EL PROGRAMA DE ESTUDIO
Nombre del programa Segunda Especialidad En Antiguo Testamento
526 ## - NOTA DE INFORMACIÓN SOBRE EL PROGRAMA DE ESTUDIO
Nombre del programa Segunda Especialidad En Estudios Adventistas
526 ## - NOTA DE INFORMACIÓN SOBRE EL PROGRAMA DE ESTUDIO
Nombre del programa Doctorado en teología
526 ## - NOTA DE INFORMACIÓN SOBRE EL PROGRAMA DE ESTUDIO
Nombre del programa Maestría en teología histórica
526 ## - NOTA DE INFORMACIÓN SOBRE EL PROGRAMA DE ESTUDIO
Nombre del programa Maestría en teología bíblica
526 ## - NOTA DE INFORMACIÓN SOBRE EL PROGRAMA DE ESTUDIO
Nombre del programa Maestría en teología
526 ## - NOTA DE INFORMACIÓN SOBRE EL PROGRAMA DE ESTUDIO
Nombre del programa Maestría en misionología
526 ## - NOTA DE INFORMACIÓN SOBRE EL PROGRAMA DE ESTUDIO
Nombre del programa Maestría en liderazgo eclesiástico
526 ## - NOTA DE INFORMACIÓN SOBRE EL PROGRAMA DE ESTUDIO
Nombre del programa Teología
596 ## -
-- 1
650 04 - PUNTO DE ACCESO ADICIONAL DE MATERIA--TÉRMINO DE MATERIA
Término de materia o nombre geográfico como elemento de entrada Religion.
9 (RLIN) 5128
650 04 - PUNTO DE ACCESO ADICIONAL DE MATERIA--TÉRMINO DE MATERIA
Término de materia o nombre geográfico como elemento de entrada Religión.
9 (RLIN) 5128
700 1# - ENTRADA AGREGADA--NOMBRE PERSONAL
Nombre de persona Hartney, Christopher,
Término indicativo de función/relación editor.
910 ## - DATOS DE OPCIÓN DEL USUARIO (OCLC)
Datos de opción del usuario adbm
-- ksl
-- ksl
-- 20180307
942 ## - ELEMENTOS DE ENTRADA SECUNDARIOS (KOHA)
Fuente del sistema de clasificación o colocación Clasificación Decimal Dewey
Tipo de ítem Koha
994 ## -
-- C0
-- PEPRU
999 ## - NÚMEROS DE CONTROL DE SISTEMA (KOHA)
-- LC
-- 78135
-- 2021-11-9
-- 4
-- CCODEBUL1
-- BUL
-- 28.00
-- 0
-- Y
-- BOOK
-- 2018-3-7
-- TEOLOGIA
-- P35
-- COMPRA
-- FCOMPRA
-- .STAFF. Colección Teología
980 ## - EQUIVALENCIA O REFERENCIA-CRUZADA-MENCIÓN DE SERIE--NOMBRE DE PERSONA/TÍTULO [LOCAL, CANADÁ]
ID del último usuario que modificó el registro 1
Nombre del último usuario que modificó el registro ALBERTO SANCHEZ Responsable de Automatización
Existencias
Visto por última vez Número de inventario Total de préstamos Signatura topográfica completa Código de barras Copia número Coste, precio de reemplazo Fecha de reemplazo Facultad Tipo de ítem Koha Nota pública Estado de pérdida Fuente del sistema de clasificación o colocación Restricciones de uso No para préstamo Colección Programa académico Biblioteca de origen Biblioteca actual Ubicación en estantería Fecha de adquisición Fuente de adquisición Coste, precio normal de compra
2025-12-02 5   200.897 R3 78135 e1 33.00 2018-03-07   Libros físicos inventario-2023-12-13 No Perdido Clasificación Decimal Dewey No restringido Disponible para préstamos Colección General Teología Biblioteca CRAI UPeU Lima Biblioteca CRAI UPeU Lima Sala principal 2018-03-07 COMPRA 28.00